000 00880nam a2200253 i 4500
001 bg
245 0 0 _aOcenianie wewnątrzszkolne a egzaminy zewnętrzne :
_bmateriały szkoleniowe dla nauczycieli /
_cCentralny Ośrodek Doskonalenia Nauczycieli.
260 _aWarszawa :
_bCODN,
_c2003.
300 _apagina varia :
_bil. ;
_c29 cm.
650 9 _aNauczanie
_xefektywność
650 9 _aOceny szkolne
_xmetody
650 9 _aUczenie się
_xefektywność
650 9 _aEgzaminy szkolne
_xmetody
655 _aPoradniki
710 0 _aCentralny Ośrodek Doskonalenia Nauczycieli
020 _a8387958565
040 _cBPK
041 0 _apol
080 _a371.26/.27:371.3:37.041](072)
920 _a83-87958-56-5
942 _cKS
008 s pl f |000 0 pol
999 _c45616
_d45616
856 _uhttp://koha.tu.koszalin.pl/cgi-bin/koha/opac-detail.pl?biblionumber=45616
_yKatalog online BPK